|
|
|
|
| LEADER |
00000nam a2200000 a 4500 |
| 001 |
vtls001104529 |
| 003 |
SK-MaSNL |
| 005 |
20260301144643.0 |
| 008 |
250414s1976 xo 0 slo |
| 015 |
|
|
|a SNBA1977
|
| 035 |
|
|
|a SNK000047371
|
| 040 |
|
|
|a SNK
|b slo
|c SNK
|e AACR2
|
| 041 |
0 |
|
|a slo
|
| 080 |
|
|
|a 541.1(075.8)
|2 1981
|
| 080 |
|
|
|a 378
|2 1981
|
| 100 |
1 |
|
|a Kellö, Vojtech,
|d 1919-2007
|4 aut
|9 203296
|
| 245 |
1 |
0 |
|a Fyzikálna chémia 1
|c Vojtech KELLO ; Vojtech Kello
|
| 250 |
|
|
|a 1., preprac. vyd.
|
| 260 |
|
|
|a Bratislava
|b Slovenská vysoká škola technická
|c 1976
|e Bratislava
|f Edičné stredisko SVŠT
|
| 300 |
|
|
|a 488 s., 28,637 AH
|b Tb. Grafy. Sch.
|c 29 cm
|
| 366 |
|
|
|e 400 výtl.
|
| 500 |
|
|
|a Schválil Rektorát SVŠT v Bratislave ako skriptum. Rozmn.
|
| 700 |
1 |
|
|a Kellö, Vojtech,
|d 1919-2007
|4 aut
|9 203296
|
| 852 |
|
|
|a Slovenská národná knižnica
|
| 954 |
|
|
|a chémia fyzikálna
|a termodynamika
|a elektrochémia
|a kinetika chemická
|
| 954 |
|
|
|a chémia fyzikálna
|a štruktúra látok
|a skupenstvá
|
| 958 |
|
|
|a OND
|
| 958 |
|
|
|a RM
|
| 958 |
|
|
|a UV
|
| 999 |
|
|
|c 777749
|d 779679
|
| 952 |
|
|
|t P60, <04>, [BOOK], {604}
|a SNK
|b SNK
|y VYP
|7 0
|p 17A0029385
|o snkSB 24744/1 D1
|0 0
|1 0
|4 0
|d 1996-12-19
|l 0
|r 2004-12-31 00:00:00
|w 2026-02-24
|
| 952 |
|
|
|a SNK
|b SNK
|y PREZ
|7 0
|p 17A0925545
|o snkSB 24744/1
|0 0
|1 0
|4 0
|d 2012-07-25
|f 1
|l 0
|r 2026-02-24 00:54:55
|w 2026-02-24
|